Enterprise, teacher's book : elementary 2 :

Αποθηκεύτηκε σε:
Λεπτομέρειες βιβλιογραφικής εγγραφής
Κύριος συγγραφέας: Evans, Virginia, 1945-
Άλλοι συγγραφείς: Dooley, Jenny
Μορφή: Βιβλίο
Γλώσσα:English
Δημοσίευση: Swansea : Express Publishing, 1999
Θέματα:
Ετικέτες: Προσθήκη ετικέτας
Δεν υπάρχουν, Καταχωρήστε ετικέτα πρώτοι!

MARC

LEADER 00000cam a2200000 i 4500
001 1/43594
008 031027s1999 eng d
020 |a 960-361-179-4 
035 |l 10071390 
040 |a GR-MY-UA  |b gre  |e aacr 
041 0 |a eng 
082 0 |a 428.2 
100 1 |a Evans, Virginia,   |d 1945- 
245 1 0 |a Enterprise,  |p 2 :  |b teacher's book : elementary /  |c Virginia Evans and Jenny Dooley 
260 |a Swansea :   |b Express Publishing,   |c 1999 
300 |a 176 σ.;  |b έγχρ. εικ.;  |c 28 εκ. 
650 0 0 |a English language  |v Textbooks for foreign speakers. 
650 0 0 |a English language  |x Study and teaching  |x Foreign speakers. 
700 1 |a Dooley, Jenny. 
852 |a INST  |b LESVOS  |e 20031027  |h 428.2 EVA  |p 005100029672  |q 005100029672  |t BK  |y 0 
901 |a BIBL1-2003-3 
909 |a Λ  |b 104183 
970 |a ΚΑΡΑ  |b ΓΙΑΣΕΜΗ  |z 2003/10/24